[Схематические почвенные карты] Шуерецко-Сороккой лесной дачи Кемского уезда А.К.С.С.Р. (Запись № 13441954)

Подробности
000 -МАРКЕР
контрольное поле 01796nem0a2200301 4500
001 - ИДЕНТИФИКАТОР ЗАПИСИ
контрольное поле RU\NLR\BIBL_A\022569390
005 - ИДЕНТИФИКАТОР ВЕРСИИ
контрольное поле 20250702151132.0
035 ## - ДРУГИЕ СИСТЕМНЫЕ НОМЕРА
Идентификатор записи (NLR Aleph) 022569390
100 ## - ДАННЫЕ ОБЩЕЙ ОБРАБОТКИ
Данные общей обработки 20250618d1924 |||y0rusy50 ca
101 0# - ЯЗЫК РЕСУРСА
Язык текста, звукозаписи и т.д. русский
102 ## - СТРАНА ПУБЛИКАЦИИ ИЛИ ПРОИЗВОДСТВА
Страна публикации российская федерация
120 ## - ПОЛЕ КОДИРОВАННЫХ ДАННЫХ: КАРТОГРАФИЧЕСКИЕ МАТЕРИАЛЫ - ОБЩИЕ ХАРАКТЕРИСТИКИ
Кодированные данные о картографическом материале (общие) byy xx||
123 1# - ПОЛЕ КОДИРОВАННЫХ ДАННЫХ: КАРТОГРАФИЧЕСКИЕ МАТЕРИАЛЫ - МАСШТАБ И КООРДИНАТЫ
Тип масштаба a
Постоянное отношение линейного горизонтального масштаба 50000
200 1# - ЗАГЛАВИЕ И СВЕДЕНИЯ ОБ ОТВЕТСТВЕННОСТИ
Основное заглавие [Схематические почвенные карты] Шуерецко-Сороккой лесной дачи Кемского уезда А.К.С.С.Р.
Первые сведения об ответственности Сост. исслед. партией Колонизацион. Отд. под рук. К.Ф. Маляревского в 1925 г.
206 ## - ОБЛАСТЬ СПЕЦИФИЧЕСКИХ СВЕДЕНИЙ: КАРТОГРАФИЧЕСКИЕ МАТЕРИАЛЫ - МАТЕМАТИЧЕСКИЕ ДАННЫЕ
Сведения о математических данных 1:50 000, 500 м в 1 см
210 ## - ПУБЛИКАЦИЯ, РАСПРОСТРАНЕНИЕ И ДР.
Место издания, распространения и т.д. Ленинград
Имя издателя, распространителя и т. д. Изд. Чиро МЖД
Дата издания, распространения и т.д. 1924
215 ## - ФИЗИЧЕСКАЯ ХАРАКТЕРИСТИКА
Специфическое обозначение материала и объем 1 к.
Другие сведения о физической характеристике цв.
Размеры 57х82 см
300 ## - ОБЩИЕ ПРИМЕЧАНИЯ
Текст примечания В надзаг.: Колонизационный Отдел правления Мурманской жел. дор.
300 ## - ОБЩИЕ ПРИМЕЧАНИЯ
Текст примечания Карты: Схематическая почвенная карта Шуерецко-Сороккой лесной дачи Кемского уезда А.К.С.С.Р.- Топогр. основа по лесоустроительскому плану той же дачи 1924 года; Схематическая почвенная карта Сегежа-Ондского района.-Топогр. основа по маршрутной съемке той же партии.
509 01 - ЗАГОЛОВОК -СТРУКТУРИРОВАННОЕ ГЕОГРАФИЧЕСКОЕ ИЛИ ТЕМАТИЧЕСКОЕ НАИМЕНОВАНИЕ
Графика поля Кириллица
Географическое / тематическое наименование – начальный элемент ввода Карельская АССР
Системный номер авторитетной/нормативной записи 2634771
Идентификатор авторитетной / нормативной записи RU\NLR\auth_crt\551602
607 ## - ГЕОГРАФИЧЕСКОЕ НАИМЕНОВАНИЕ КАК ПРЕДМЕТ
Географическое наименование АКССР
Формальный подзаголовок Карты
Системный номер авторитетной/нормативной записи 2534215
Идентификатор авторитетной/нормативной записи RU\NLR\AUTH\6601714499
608 ## - ФОРМА, ЖАНР, ФИЗИЧЕСКИЕ ХАРАКТЕРИСТИКИ ДОКУМЕНТА КАК ТОЧКА ДОСТУПА
Начальный элемент ввода Почвенные карты
Системный номер авторитетной/нормативной записи 1672383
Идентификатор авторитетной/нормативной записи RU\NLR\AUTH\66741822
702 #1 - ИМЯ ЛИЦА - ВТОРИЧНАЯ ОТВЕТСТВЕННОСТЬ
Начальный элемент ввода Маляревский
Часть имени, кроме начального элемента ввода К.Ф.
Код отношения Руководитель исследовательского коллектива
852 ## - МЕСТОНАХОЖДЕНИЕ И ШИФР ХРАНЕНИЯ
Идентификатор организации NLR
Наименование фонда или коллекции (Sub-Location Identifier) К
Шифр хранения (Call Number) 4-Сев 2/352
Идентификатор единицы 21894
942 ## - ДОПОЛНИТЕЛЬНЫЕ ЭЛЕМЕНТЫ ЗАПИСИ (АБИС)
Тип экземпляра АБИС Карта
980 ## - КОЛЛЕКЦИЯ
Название коллекции Национальная библиография

Нет доступных экземпляров.